| 000 | 01725cam a22002415a 4500 | ||
|---|---|---|---|
| 001 | L144726 | ||
| 008 | 080806e20080531xxkaco g 000 0 eng d | ||
| 035 | _a(Sirsi) u144726 | ||
| 041 | 0 | _aeng | |
| 050 | 0 | 4 | _a920 $2 22 |
| 110 | 2 |
_aEstates Gazette _9298 |
|
| 245 | 0 | 0 |
_aEstates Gazette _b150 years |
| 260 |
_aLondon _bEstates Gazette _c2008 |
||
| 300 |
_a169 p. _bill. _c30 cm |
||
| 490 | 0 |
_aEstates Gazette _v31 May 2008 (special anniversary supplement) |
|
| 505 | 2 | _aForeword -- Introduction -- History of Estates Gazette -- Property cycles -- Property law -- Agents' histories -- From the archives -- 1858-1879 London beginnings -- Transport -- 1880-1901 Disraeli to the death of Queen Victoria -- Social history -- 1902-1918 On the road to war -- First world war -- 1919-1945 War's end to war's end -- Second world war -- 1946-1963 Rebuilding Britain -- Housing -- 1964-1978 Wilson to Thatcher -- Personalities -- 1979-2008 Thatcher to Brown | |
| 520 | _aCelebrates the 150th anniversary of Estates Gazette jounal. Presents the history of Estate Gazette from 1858 to 2008 in seven chronological sections. Develops all the themes exceeding these time periods in six smaller chapters: transport, social history, First world war, Second world war, housing, and personalities. Reports the main events of the last 150 years and how they affect the property market. Examines the history of property law. Provides the history of the property sector through a list and presentation of 45 property firms, taken from the Estate Gazette Top Agents' list. | ||
| 521 | _aAdvanced | ||
| 590 | _aKA | ||
| 651 | 4 |
_aEngland and Wales _y1543- |
|
| 690 | _aPROPERTY-COMMERCIAL PROPERTY-COMMERCIAL PROPERTY MARKET | ||
| 942 | _n0 | ||
| 999 |
_c108600 _d108600 |
||